000 01298cam a2200373 a 4500
001 6099
003 FISKH
005 20250312123247.0
008 980922s1999 nyua j 000 1 eng
010 _a 98046152
020 _a0679890785 (trade)
020 _a067999078X (glb)
040 _aDLC
_cDLC
_dDLC
_beng
050 _aPZ7.R8139 G
082 _a813.5
100 1 _aRoy, Ron,
_d1940-
245 1 4 _aThe goose's gold /
_cby Ron Roy ; illustrated by John Steven Gurney.
250 _aFirst Scholastic printing, February 2002
260 _aNew York :
_bScholastic,
_c1999.
300 _a86 pages ;
_billustrations ;
_c20 cm
490 1 _aA to Z mysteries
500 _a"A Stepping stone book"
505 _aN
520 _aWhen Ruth Rose and her friends, vacationing in Florida, discover that her grandmother is about to invest in a project to recover sunken treasure, they stumble upon evidence that the entire plan may be a fraud.
521 _a580
_bLexile
521 _aN
_bRaz-Plus
650 1 _aBuried treasure
_vFiction.
650 1 _aMystery and detective stories.
651 1 _aFlorida
_vFiction.
700 1 _aGurney, John Steven,
_d1962-
_eillustrator
906 _a7
_bcbc
_corignew
_d1
_eocip
_f19
_gy-gencatlg
942 _2ddc
_cBK
_n0
999 _c6099
_d6099